Daňové princípy ako východiská tvorby a uplatňovania daňových systémov
Teoretické prístupy k daňovým princípom. Hlavné protirečivé miesta v daňovom systéme. Princíp spravodlivosti a efektívnosti zdanenia. Alternatívy súčasného daňového systému.
Saved in:
| Main Author: | |
|---|---|
| Format: | Book Chapter |
| Language: | Slovak |
| Subjects: | |
| Tags: |
No Tags, Be the first to tag this record!
|
MARC
| LEADER | 00000naa a2200000 4500 | ||
|---|---|---|---|
| 001 | r037239 | ||
| 005 | 20240502071333.4 | ||
| 041 | 0 | |a slo | |
| 044 | |a SK | ||
| 245 | 1 | 0 | |a Daňové princípy ako východiská tvorby a uplatňovania daňových systémov |c Gizela Lénártová |
| 520 | |a Teoretické prístupy k daňovým princípom. Hlavné protirečivé miesta v daňovom systéme. Princíp spravodlivosti a efektívnosti zdanenia. Alternatívy súčasného daňového systému. | ||
| 610 | 2 | 0 | |a dane |
| 610 | 2 | 0 | |a systémy daňové |
| 610 | 2 | 0 | |a teórie ekonomické |
| 610 | 2 | 0 | |a zdaňovanie |
| 610 | 2 | 0 | |a efektívnosť |
| 100 | 1 | |a Lénártová, Gizela | |